LIBRARY ONLINE CATALOGUE

Creative writing in prose / (Record no. 9079)

MARC details
000 -LEADER
fixed length control field 00936cam a22002532 4500
001 - CONTROL NUMBER
control field 0000019798
005 - DATE AND TIME OF LATEST TRANSACTION
control field 20151217152201.0
008 - FIXED-LENGTH DATA ELEMENTS--GENERAL INFORMATION
fixed length control field 110210s xx 000 0 eng d
020 ## - INTERNATIONAL STANDARD BOOK NUMBER
International Standard Book Number 9966846832 :
040 ## - CATALOGING SOURCE
Original cataloging agency KABU
Transcribing agency KABU
100 1# - MAIN ENTRY--PERSONAL NAME
Personal name MacGoye, Marjorie Oludhe.
-- 0000148228
245 10 - TITLE STATEMENT
Title Creative writing in prose /
Statement of responsibility, etc. Marjorie Oludhe Macgoye.
250 ## - EDITION STATEMENT
Edition statement 1st ed.
260 ## - PUBLICATION, DISTRIBUTION, ETC. (IMPRINT)
Place of publication, distribution, etc. Nairobi :
Name of publisher, distributor, etc. University of Nairobi Press,
Date of publication, distribution, etc. 2009.
300 ## - PHYSICAL DESCRIPTION
Extent viii, 119 p.
650 #0 - SUBJECT ADDED ENTRY--TOPICAL TERM
Topical term or geographic name as entry element English language
Form subdivision Study and teaching
General subdivision composition execises
Geographic subdivision Kenya.
-- 0000179791
650 #0 - SUBJECT ADDED ENTRY--TOPICAL TERM
Topical term or geographic name as entry element Creative writing (secondary education)
Geographic subdivision Kenya.
-- 0000179792
700 1# - ADDED ENTRY--PERSONAL NAME
Personal name MacGoye, Marjorie Oludhe.
-- 0000148228
852 1# - LOCATION
-- p500 KES
852 1# - LOCATION
-- p500 KES
852 1# - LOCATION
-- p500 KES
908 ## - PUT COMMAND PARAMETER (RLIN)
Put command parameter 110210
950 ## - LOCAL HOLDINGS (RLIN)
-- 1
Holdings
Withdrawn status Lost status Source of classification or shelving scheme Not for loan Home library Current library Date acquired Total Checkouts Full call number Barcode Date last seen Date last checked out Price effective from Koha item type
    Library of Congress Classification   Kabarak, Main Campus Kabarak, Main Campus 17/12/2015 1 PE1405 .K4M33 2009 c.1 22671 06/11/2019 16/10/2019 17/12/2015 General Collection
    Library of Congress Classification   Kabarak, Main Campus Kabarak, Main Campus 17/12/2015 1 PE1405 .K4M33 2009 c. 3 015386 24/01/2020 20/01/2020 17/12/2015 General Collection
    Library of Congress Classification   Kabarak, Main Campus Kabarak, Main Campus 17/12/2015   PE1405 .K4M33 2009 c. 4 015393 17/12/2015   17/12/2015 General Collection
    Library of Congress Classification   Kabarak, Main Campus Kabarak, Main Campus 17/12/2015 1 PE1405 .K4M33 2009 c. 2 015383 02/06/2023 16/05/2023 17/12/2015 General Collection